Cez Košice do sveta Základom je modulový systém štúdia

Bibliographic Details
Main Authors: Horvathová (Author), Gallo (Author)
Format: Article
Language:Slovak
PhysicalDescription:Sch. 1
Subjects:

MARC

LEADER 00000nab a2200000 a 4500
001 vtls000511215
003 SK-MaSNL
005 20260304183214.0
008 120927c1994 xo 0 slo
015 |a SNBRB19rr/mm-uuuuu 
035 |a CL0511353 
040 |a SNKBUCL  |b slo  |c SNKBUCL  |e AACR2 
041 0 |a slo 
044 |a xo  |c SK 
080 |a 378.662.096:33(437.6)  |2 1981 
100 1 |a Horvathová  |4 aut  |9 1514829 
245 1 0 |a Cez Košice do sveta  |b Základom je modulový systém štúdia  |c Horvathová, Gallo 
300 |b Sch. 1 
610 2 7 |a Technická univerzita v Košiciach.  |b Ekonomická fakulta  |2 SNKKA  |9 125914 
651 7 |a 5403  |2 snkbucl  |9 893808 
655 7 |a články z novín a časopisov  |2 snkbucl  |9 267496 
700 1 |a Gallo  |4 aut  |9 1514830 
773 0 |t Slovenský profit  |g Roč. 2, č. 5 (1994), s. 11 
850 |a Slovenská národná knižnica v Martine  |a MTA001 
852 |a SNK  |b KIS3GCP 
958 |a RK 
992 |a RBX 
999 |c 3033739  |d 3035669